000 00704nam a2200229 a 4500
001 BRCA_6429
005 20190320205441.0
008 210911s1859----gw-#######---#000-0#ger-#
050 4 _aPQ2226
_b.A5 P36
_c1859
100 1 _aSchopenhauer, Arthur
_d1788-1860
_916057
245 1 0 _aArthur Schopenhauer´ sämtliche Werke in sechs Baenden
_cArthur Schopenhauer; herausgeben von Eduard Grisebach.
250 _a3
260 _aLeipzig
_bPhilipp Reclam
_c1859
300 _a6 v.
_c14 cm.
500 _aL13
504 _aBibliografía: p. 280-394 en el tomo VI
650 1 4 _aFilosofía
_914906
650 1 4 _aFilósofos
_916058
700 1 _aGrisebach, Eduard
_epr.
_916059
902 _aGFM
942 _2lcc
_cB
999 _c6113
_d6113